Kult: Albums by Cover - Statistics

General Stats
  • This quiz has been taken 12 times
  • The average score is 11 of 16
Answer Stats
Picture Hint Answer % Correct
1993 Tata Kazika
100%
1987 Kult
90%
1998 Ostateczny krach systemu korporacji
90%
1987 Posłuchaj to do ciebie
90%
1989 Kaseta
80%
1994 Muj wydafca
80%
2021 Ostatnia płyta
80%
2016 Wstyd
80%
2009 Hurra!
70%
1996 Tata 2
70%
1991 Your Eyes
70%
1988 Spokojnie
60%
1991 45–89
50%
2013 Prosto
50%
2001 Salon Recreativo
40%
2005 Poligono Industrial
30%
No matching quizzes found
Score Distribution
Percent of People with Each Score
Percentile by Number Answered
Your Score History
You have not taken this quiz